| 000 | 01003nam a2200361 a 4500 | ||
|---|---|---|---|
| 003 | AR-BaBNM | ||
| 005 | 20251128204713.0 | ||
| 008 | 082120s2002 ||||||||||||||000 | spa|| | ||
| 040 | _cAR-BaBNM | ||
| 100 | 1 | _aAlarcón, Pedro Antonio de | |
| 245 | 0 | 0 | _aEl Capitán Veneno |
| 250 | _a4ª ed. | ||
| 260 |
_aBuenos Aires _bHuemul _c1979 |
||
| 300 | _a144 p. | ||
| 490 | 0 |
_aClásicos Huemul _vv. 13 |
|
| 500 | _aContiene referencias bibliográficas en p. 29 | ||
| 500 | _aVocabulario en p. 139 | ||
| 650 | 4 | _aLITERATURA ESPAÑOLA | |
| 650 | 4 | _aESCRITORES | |
| 650 | 4 | _aSIGLO DIECINUEVE | |
| 650 | 4 | _aREALISMO | |
| 650 | 4 | _aROMANTICISMO | |
| 653 | _aFOLLETIN | ||
| 653 | _aNOVELA DE AVENTURAS | ||
| 653 | _aNARRATIVA | ||
| 655 | _aLITERATURA | ||
| 700 | 1 |
_aOlmos, Héctor Ariel _eprologuista |
|
| 700 | 1 |
_aPassafari de Gutiérrez, Clara _ecolaborador |
|
| 800 | 1 |
_aPellegrini, Juan Carlos _efundador _edirector |
|
| 800 | 1 |
_aRiba, Elsa _edirector |
|
| 942 | _cBK | ||
| 998 | _cMARTIN | ||
| 999 |
_c8496 _d8496 |
||